000 00384cam a2200181 4500
001 D12175
008 090401t1962 xxu||||| |||| 00| 0 eng d
035 _a(Sirsi) u1629
041 _aeng
100 _aBomford, G.
245 _aGeodesy
250 _a2nd
260 _aOxford
_bClarendon Press
_c1962
350 _a0
520 _aShelf 113
942 _n0
948 _c04/03/1997
999 _c85687
_d85687